banner-ar

علم الاجتماع الخلدونى: قواعد المنهج / (Record no. 37592)

MARC details
000 -الفاتح
حقل البيانات ثابتة الطول 00471nam a2200169Ia 4500
008 - عناصر البيانات ثابتة الطول - معلومات عامة
حقل البيانات ثابتة الطول 140319s9999 xx 000 0 ara d
040 ## - مصدر الفهرسة
وكالة الفهرسة الأصلية GCL /
وكالة النسخ GCL
082 04 - رقم تصنيف ديوى العشرى
رقم التصنيف 301.2
رقم المادة ح ع
100 1# - المدخل الرئيسى - إسم شخصى
الإسم الشخصى حسن الساعاتى
245 10 - بيان العنوان
العنوان علم الاجتماع الخلدونى: قواعد المنهج /
بيان المسئوليه,etc حسن الساعاتى
300 ## - الوصف المادى
التعداد 204 ص
490 ## - بيان السلسلة
عنوان السلسلة
650 04 - المدخل الاضافى بالموضوع-مصطلح موضوعى
مصطلح موضوعي ابن خلدون
650 04 - المدخل الاضافى بالموضوع-مصطلح موضوعى
مصطلح موضوعي الاجتماع، علم
942 ## - عناصر المدخل الإضافي( كوها)
مصدر التصنيف او مخطط الترفيف Dewey Decimal Classification
Koha [default] item type كتاب
Holdings
حالة التراجع حالة الفقد حالة تلف ليس للاعارة المكان المؤقت الموقع الحالى تاريخ الاكتساب اجمالي اﻻعارات رقم الطلب الباركود تاريخ اخر مشاهدة تاريخ تفعيل السعر نوع وعاء كوها
        مكتبة القاهرة الكبرى مكتبة القاهرة الكبرى 03/26/2014   301.2\ح ع 91793 03/26/2014 03/26/2014 كتاب
        مكتبة القاهرة الكبرى مكتبة القاهرة الكبرى 03/26/2014   301.2\ح ع 91794 03/26/2014 03/26/2014 كتاب

Powered By

EGPV